ბათუმის შოთა რუსთაველის სახელმწიფო უნივერსიტეტის ბიბლიოთეკა

Quantum physics : (ბიბ.ჩანაწერი № 54340)

000 -LEADER
fixed length control field 00714nam a2200253Ia 4500
001 - CONTROL NUMBER
control field 21396
003 - CONTROL NUMBER IDENTIFIER
control field GE_BSU
005 - DATE AND TIME OF LATEST TRANSACTION
control field 20211108160007.0
008 - FIXED-LENGTH DATA ELEMENTS--GENERAL INFORMATION
fixed length control field 181216s2015||||enk|||||||||||||| ||eng||
020 ## - INTERNATIONAL STANDARD BOOK NUMBER
International Standard Book Number 9781514158364
040 ## - CATALOGING SOURCE
Transcribing agency GE_BSU
041 ## - LANGUAGE CODE
Language code of text/sound track or separate title eng
080 ## - UNIVERSAL DECIMAL CLASSIFICATION NUMBER
Universal Decimal Classification number 530.1 H-54
100 ## - MAIN ENTRY--PERSONAL NAME
Personal name Hendricks, Jared
9 (RLIN) 12859
245 ## - TITLE STATEMENT
Title Quantum physics :
Remainder of title Beginner's guide to the most amazing physics theories /
Statement of responsibility, etc. Jared Hendricks.
264 ## - PRODUCTION, PUBLICATION, DISTRIBUTION, MANUFACTURE, AND COPYRIGHT NOTICE
Place of production, publication, distribution, manufacture United States :
Date of production, publication, distribution, manufacture, or copyright notice 2015.
300 ## - PHYSICAL DESCRIPTION
Extent 82 pages ;
Dimensions 23 cm.
653 ## - INDEX TERM--UNCONTROLLED
keyword Quantum physics
653 ## - INDEX TERM--UNCONTROLLED
keyword Beginner's guide to the most amazing physics theories
653 ## - INDEX TERM--UNCONTROLLED
keyword Физика
653 ## - INDEX TERM--UNCONTROLLED
keyword ფიზიკა
942 ## - ADDED ENTRY ELEMENTS (KOHA)
Koha item type წიგნი
Source of classification or shelving scheme
ეგზემპლარები
Withdrawn status Lost status Source of classification or shelving scheme Damaged status Not for loan Permanent Location Current Location Shelving location Date acquired Cost, normal purchase price Full call number Barcode Date last seen Copy number Price effective from Koha item type Public note
          ბათუმის შოთა რუსთაველის სახელმწიფო უნივერსიტეტის მთავარი ბიბლიოთეკა ბათუმის შოთა რუსთაველის სახელმწიფო უნივერსიტეტის მთავარი ბიბლიოთეკა წიგნსაცავი 2018-12-17 40.00 530.1 H-54 55359 2018-12-17 55359 2018-12-17 წიგნი 40.00 ₾.